Statystyki dla Polscy prezydenci po 1952 roku

Kliknij tutaj aby rozwiązać quiz!

Ogólne statystyki

  • Ten quiz został rozwiązany 90 razy
  • Średni wynik to 8 z 13

Statystyki odpowiedzi

Okres SprawowaniaImię i nazwisko% Poprawnych
od 2015Andrzej Duda
100%
2005 - 2010Lech Kaczyński
99%
1990 - 1995Lech Wałęsa
96%
2010 - 2015Bronisław Komorowski
95%
1995 - 2005Aleksander Kwaśniewski
93%
1989 - 1989Wojciech Jaruzelski
86%
1985 - 1989Wojciech Jaruzelski
86%
1989 - 1990Wojciech Jaruzelski
86%
1964 - 1968Edward Ochab
16%
1970 - 1972Józef Cyrankiewicz
16%
1972 - 1985Henryk Jabłoński
7%
1968 - 1970Marian Spychalski
7%
1952 - 1964Aleksander Zawadzki
6%

Rozkład punktacji

Percentyl według liczby udzielonych odpowiedzi

Procent ludzi z każdym wynikiem

Twoja historia wyników

Nie rozwiązałeś tego quizu